[Event "Dortmund Sparkassen op-A 44th"]
[Site "Dortmund"]
[Date "2016.07.14"]
[Round "6"]
[White "Schmittdiel, Eckhard"]
[Black "Sorokin, Aleksey"]
[Result "1/2-1/2"]
[WhiteElo "2449"]
[BlackElo "2413"]
[PlyCount "29"]
[EventDate "2016.07.09"]
[EventType "swiss"]
[EventRounds "9"]
[EventCountry "GER"]
[SourceTitle "CBM 173 Extra"]
[Source "ChessBase"]
[SourceDate "2016.08.29"]
[SourceVersion "1"]
[SourceVersionDate "2016.08.29"]
[SourceQuality "1"]

1. e4 c5 2. c3 d5 3. exd5 Qxd5 4. d4 Nf6 5. Nf3 e6 6. Nbd2 cxd4 7. Bc4 Qh5 8. cxd4 Nc6 9. 0-0 Be7 10. a3 0-0 11. b4 b6 12. Bb2 Bb7 13. Re1 Bd6 14. Ne5 Qxd1 15. Raxd1 1/2-1/2

[Event "Dortmund Sparkassen op-A 44th"]
[Site "Dortmund"]
[Date "2016.07.10"]
[Round "2"]
[White "Schmitz, Edgar"]
[Black "Schmittdiel, Eckhard"]
[Result "0-1"]
[WhiteElo "1981"]
[BlackElo "2449"]
[PlyCount "82"]
[EventDate "2016.07.09"]
[EventType "swiss"]
[EventRounds "9"]
[EventCountry "GER"]
[SourceTitle "CBM 173 Extra"]
[Source "ChessBase"]
[SourceDate "2016.08.29"]
[SourceVersion "1"]
[SourceVersionDate "2016.08.29"]
[SourceQuality "1"]

1. e4 e6 2. d4 d5 3. Nc3 h6 4. Be3 Bb4 5. Bd3 dxe4 6. Bxe4 Nf6 7. Bf3 Nc6 8. Nge2 Ne7 9. a3 Ba5 10. 0-0 Nf5 11. Qd3 Bb6 12. Rad1 Nh4 13. Be4 c6 14. Bf4 0-0 15. Qd2 Nxe4 16. Nxe4 f5 17. Nd6 Ng6 18. Be5 Bc7 19. Nc4 b5 20. Nf4 Nxe5 21. Nxe5 Qd6 22. Nfg6 Rf6 23. f4 Kh7 24. Nh4 c5 25. c3 Bb7 26. Kh1 c4 27. Qe2 Qd5 28. Rde1 a6 29. Qh5 Qd8 30. Nhf3 Bd5 31. Re3 Qe8 32. Qh3 a5 33. Rfe1 Kg8 34. Kg1 b4 35. axb4 axb4 36. Qg3 Ra2 37. R3e2 Ba5 38. Nd2 Rxb2 39. Nexc4 bxc3 40. Nxa5 cxd2 41. Rd1 Qb5 0-1

[Event "Dortmund Sparkassen op-A 44th"]
[Site "Dortmund"]
[Date "2016.07.09"]
[Round "1"]
[White "Winkel, Peter"]
[Black "Schmittdiel, Eckhard"]
[Result "0-1"]
[WhiteElo "2038"]
[BlackElo "2449"]
[PlyCount "83"]
[EventDate "2016.07.09"]
[EventType "swiss"]
[EventRounds "9"]
[EventCountry "GER"]
[SourceTitle "CBM 173 Extra"]
[Source "ChessBase"]
[SourceDate "2016.08.29"]
[SourceVersion "1"]
[SourceVersionDate "2016.08.29"]
[SourceQuality "1"]

1. d4 Nf6 2. c4 e6 3. Nc3 Bb4 4. Qc2 d6 5. Bd2 c5 6. Nf3 0-0 7. g3 Nc6 8. dxc5 dxc5 9. Bg2 Nd4 10. Nxd4 cxd4 11. Ne4 Bxd2+ 12. Qxd2 Nxe4 13. Bxe4 e5 14. 0-0 Be6 15. Qc2 Rc8 16. b3 b5 17. Bxh7+ Kh8 18. Bf5 bxc4 19. Bxe6 fxe6 20. bxc4 Qc7 21. Rac1 Qc5 22. Qe4 Rb8 23. Rb1 Rxb1 24. Rxb1 d3 25. e3 d2 26. Rd1 Qa5 27. Qc2 Rd8 28. c5 Rd5 29. c6 Qc7 30. Rxd2 Rxd2 31. Qxd2 Qxc6 32. Qb2 Qd6 33. Qb7 a6 34. h4 Kh7 35. Qe4+ g6 36. Kg2 Kg7 37. a4 Kf6 38. g4 Qc7 39. Kg3 Qc1 40. Kg2 Qc7 41. Qa8 Qd6 42. Qb7 0-1

[Event "NRW Class2 1516"]
[Site "Germany"]
[Date "2016.03.06"]
[Round "7.1"]
[White "Schmittdiel, Eckhard"]
[Black "Himpenmacher, Andy"]
[Result "1-0"]
[WhiteElo "2354"]
[BlackElo "2182"]
[PlyCount "79"]
[EventDate "2015.09.27"]
[EventType "team-tourn"]
[EventRounds "9"]
[EventCountry "GER"]
[SourceTitle "EXT 2017"]
[Source "ChessBase"]
[SourceDate "2016.10.25"]
[SourceVersion "1"]
[SourceVersionDate "2016.10.25"]
[SourceQuality "1"]
[WhiteTeam "Dortmund Hansa II"]
[BlackTeam "Lieme"]
[WhiteTeamCountry "GER"]
[BlackTeamCountry "GER"]

1. Nf3 Nf6 2. g3 d5 3. Bg2 e6 4. 0-0 Be7 5. b3 0-0 6. Bb2 c5 7. e3 b5 8. Ne5 Bb7 9. f4 Nc6 10. c4 b4 11. d3 Rc8 12. Nd2 dxc4 13. Ndxc4 Nxe5 14. fxe5 Nd5 15. a3 Nc3 16. Qc2 Bxg2 17. Kxg2 Nb5 18. a4 Nc7 19. Rf3 Qd7 20. Raf1 Nd5 21. e4 Nb6 22. Ne3 Bg5 23. Ng4 Qc7 24. h4 Be7 25. Qf2 Qd7 26. Qe3 Qd8 27. Rf4 c4 28. dxc4 Bc5 29. Qc1 Qe7 30. Nf6+ Kh8 31. Rg4 h6 32. Rxg7 Kxg7 33. Nh5+ Kh7 34. Rf6 Qxf6 35. Nxf6+ Kg7 36. a5 Na8 37. Nh5+ Kh7 38. Qf4 f5 39. Bc1 Rf7 40. Qxh6+ 1-0

[Event "NRW Class2 1516"]
[Site "Germany"]
[Date "2016.01.10"]
[Round "5.2"]
[White "Lupor, Andre"]
[Black "Schmittdiel, Eckhard"]
[Result "0-1"]
[WhiteElo "2160"]
[BlackElo "2354"]
[PlyCount "108"]
[EventDate "2015.09.27"]
[EventType "team-tourn"]
[EventRounds "9"]
[EventCountry "GER"]
[SourceTitle "EXT 2017"]
[Source "ChessBase"]
[SourceDate "2016.10.25"]
[SourceVersion "1"]
[SourceVersionDate "2016.10.25"]
[SourceQuality "1"]
[WhiteTeam "Ennepe Ruhr Sued"]
[BlackTeam "Dortmund Hansa II"]
[WhiteTeamCountry "GER"]
[BlackTeamCountry "GER"]

1. d4 c5 2. d5 g6 3. c4 Bg7 4. e4 d6 5. Nf3 Nf6 6. Nc3 0-0 7. Bd3 Na6 8. 0-0 Nc7 9. Re1 a6 10. a4 Rb8 11. h3 e6 12. Bg5 h6 13. Be3 exd5 14. exd5 b5 15. axb5 axb5 16. b3 bxc4 17. bxc4 Na6 18. Rc1 Nb4 19. Bf1 g5 20. h4 g4 21. Nh2 Bf5 22. Be2 Qd7 23. Nf1 h5 24. Ng3 Bg6 25. Qd2 Rfe8 26. Rf1 Ra8 27. Bf4 Ra3 28. Rfe1 Rea8 29. Bf1 Kh7 30. Qd1 Rxc3 31. Rxc3 Nfxd5 32. cxd5 Bxc3 33. Re2 Ra1 34. Qb3 Bd4 35. Rd2 Rb1 36. Qa3 Nxd5 37. Bg5 f6 38. Rxd4 cxd4 39. Bd2 f5 40. Qa2 f4 41. Nxh5 Rxf1+ 42. Kxf1 Qb5+ 43. Kg1 Bxh5 44. Qa7+ Kg6 45. Qxd4 Qb1+ 46. Kh2 Qf5 47. g3 fxg3+ 48. fxg3 Qf3 49. Bg5 Kf5 50. Qd2 Ke6 51. Qc2 Nc3 52. Qb3+ Kd7 53. Qa3 Qf2+ 54. Kh1 Bf7 0-1

[Event "NRW Class1 1415"]
[Site "Germany"]
[Date "2015.01.11"]
[Round "5.1"]
[White "Schmittdiel, Eckhard"]
[Black "Weidemann, Christian"]
[Result "0-1"]
[WhiteElo "2444"]
[BlackElo "2224"]
[PlyCount "58"]
[EventDate "2014.09.14"]
[EventType "team-tourn"]
[EventRounds "9"]
[EventCountry "GER"]
[SourceTitle "EXT 2017"]
[Source "ChessBase"]
[SourceDate "2016.10.25"]
[SourceVersion "1"]
[SourceVersionDate "2016.10.25"]
[SourceQuality "1"]
[WhiteTeam "Dortmund Hansa II"]
[BlackTeam "Kamen"]
[WhiteTeamCountry "GER"]
[BlackTeamCountry "GER"]

1. e4 c5 2. Nf3 Nf6 3. e5 Nd5 4. c4 Nc7 5. d4 cxd4 6. Qxd4 Nc6 7. Qd2 g6 8. b4 Bg7 9. Bb2 Ne6 10. b5 Na5 11. Nc3 b6 12. Be2 0-0 13. Nd5 Nb7 14. h4 Nbc5 15. h5 Bb7 16. 0-0 a6 17. Rfd1 axb5 18. cxb5 Na4 19. Ba3 Bxd5 20. Qxd5 Nc3 21. Qxd7 Nxd1 22. Qxd8 Rfxd8 23. Bxe7 Rd7 24. Bb4 Nb2 25. hxg6 hxg6 26. a3 Bf8 27. Bc3 Na4 28. Be1 Nac5 29. g3 Nb3 0-1

[Event "Heusenstamm Schloss op 1st"]
[Site "Heusenstamm"]
[Date "2014.11.22"]
[Round "5"]
[White "Schmittdiel, Eckhard"]
[Black "Kolker, Vladislav"]
[Result "1-0"]
[WhiteElo "2450"]
[BlackElo "1982"]
[PlyCount "77"]
[EventDate "2014.11.20"]
[EventType "swiss"]
[EventRounds "7"]
[EventCountry "GER"]
[SourceTitle "CBM 163 Extra"]
[Source "ChessBase"]
[SourceDate "2014.12.23"]
[SourceVersion "1"]
[SourceVersionDate "2014.12.23"]
[SourceQuality "1"]

1. e4 e5 2. Nf3 Nc6 3. d4 exd4 4. Nxd4 Bc5 5. Be3 Qf6 6. c3 Nge7 7. Bc4 Ne5 8. Be2 Qg6 9. 0-0 d5 10. Nf5 Bxe3 11. fxe3 dxe4 12. Qa4+ N7c6 13. Bh5 Qg5 14. h4 Qf6 15. Qxe4 0-0 16. Nd4 Qh6 17. Nxc6 Nxc6 18. Bxf7+ Kh8 19. Na3 Bd7 20. Rf4 Be8 21. Raf1 Rxf7 22. Rxf7 Bxf7 23. Rxf7 Qh5 24. Rxc7 Re8 25. Qf4 Ne5 26. Re7 h6 27. Rxe8+ Qxe8 28. Qe4 Qh5 29. Nc4 Qd1+ 30. Kh2 Ng4+ 31. Kg3 Nf6 32. Qd4 Qe1+ 33. Kf4 Qxh4+ 34. Kf3 Qe1 35. Qd8+ Kh7 36. Qd3+ Kg8 37. Ne5 h5 38. Ng6 h4 39. Qc4+ 1-0

[Event "Heusenstamm Schloss op 1st"]
[Site "Heusenstamm"]
[Date "2014.11.22"]
[Round "4"]
[White "Schmittdiel, Eckhard"]
[Black "Li, Chao B"]
[Result "0-1"]
[WhiteElo "2450"]
[BlackElo "2722"]
[PlyCount "104"]
[EventDate "2014.11.20"]
[EventType "swiss"]
[EventRounds "7"]
[EventCountry "GER"]
[SourceTitle "CBM 163 Extra"]
[Source "ChessBase"]
[SourceDate "2014.12.23"]
[SourceVersion "1"]
[SourceVersionDate "2014.12.23"]
[SourceQuality "1"]

1. e4 c5 2. Nf3 d6 3. Bb5+ Bd7 4. Bxd7+ Qxd7 5. 0-0 Nc6 6. c4 Nf6 7. Nc3 g6 8. d3 Bg7 9. h3 0-0 10. Be3 a6 11. Qd2 Rfc8 12. Nd5 Qd8 13. Nxf6+ Bxf6 14. Rac1 b5 15. b3 Qa5 16. Qxa5 Nxa5 17. Rfd1 bxc4 18. Bd2 Nc6 19. Rxc4 a5 20. Ra4 e6 21. Rc1 Nb4 22. Ne1 Bb2 23. Rb1 Bg7 24. Rc1 f5 25. Kf1 Bb2 26. Rb1 Bd4 27. a3 Nc6 28. Nc2 Rcb8 29. Be3 Bg7 30. exf5 gxf5 31. d4 e5 32. dxe5 Nxe5 33. Bf4 Kf7 34. Ne3 Ke6 35. g4 fxg4 36. Nxg4 Nd3 37. Bd2 h5 38. Ne3 Rf8 39. Nd1 Bd4 40. Be3 Kd5 41. Ke2 Nf4+ 42. Kf1 Nxh3 43. Rc1 Bxe3 44. Nxe3+ Kc6 45. Rc2 Rae8 46. Kg2 Nf4+ 47. Kg3 Nd3 48. Rxa5 Rg8+ 49. Kh4 Re4+ 50. Kxh5 Nf4+ 51. Kh6 Rg6+ 52. Kh7 Re5 0-1

[Event "Heusenstamm Schloss op 1st"]
[Site "Heusenstamm"]
[Date "2014.11.21"]
[Round "2"]
[White "Schmittdiel, Eckhard"]
[Black "Weiss, Matthias1111"]
[Result "1-0"]
[WhiteElo "2450"]
[BlackElo "2042"]
[PlyCount "105"]
[EventDate "2014.11.20"]
[EventType "swiss"]
[EventRounds "7"]
[EventCountry "GER"]
[SourceTitle "CBM 163 Extra"]
[Source "ChessBase"]
[SourceDate "2014.12.23"]
[SourceVersion "1"]
[SourceVersionDate "2014.12.23"]
[SourceQuality "1"]

1. e4 c5 2. Nf3 e6 3. d3 d5 4. Qe2 dxe4 5. dxe4 Nc6 6. c3 Nf6 7. g3 Be7 8. Bg2 0-0 9. 0-0 Qc7 10. Na3 Rd8 11. Nc4 Nd7 12. a4 b6 13. Na3 a6 14. Nc4 Bb7 15. Bf4 e5 16. Be3 a5 17. Na3 Ba6 18. Nb5 Qb8 19. Ne1 Na7 20. Nc2 Nxb5 21. axb5 Bc8 22. Rfd1 Nf8 23. Rxd8 Bxd8 24. Bd2 Be6 25. Ne3 Bg5 26. Nd5 Bxd2 27. Qxd2 Ra7 28. Re1 f6 29. Bf1 Rd7 30. Bc4 Kh8 31. Qe2 Qd8 32. h4 Rd6 33. Kg2 Ng6 34. b3 Ne7 35. Ne3 Rd2 36. Qf3 Bxc4 37. Nxc4 Rd3 38. Qg4 Qc8 39. Qe2 Qd8 40. Nxb6 Rxc3 41. Na4 Rxb3 42. Nxc5 Rb4 43. Na6 Rd4 44. Rc1 h6 45. Nc7 Rb4 46. Na6 Rd4 47. Rc7 Rd2 48. Qc4 Kh7 49. b6 Rb2 50. b7 Qd2 51. Qc5 Qd3 52. b8Q Qxe4+ 53. Kh2 1-0

[Event "Heusenstamm Schloss op 1st"]
[Site "Heusenstamm"]
[Date "2014.11.20"]
[Round "1"]
[White "Weiland, Thomas"]
[Black "Schmittdiel, Eckhard"]
[Result "0-1"]
[WhiteElo "1847"]
[BlackElo "2450"]
[PlyCount "56"]
[EventDate "2014.11.20"]
[EventType "swiss"]
[EventRounds "7"]
[EventCountry "GER"]
[SourceTitle "CBM 163 Extra"]
[Source "ChessBase"]
[SourceDate "2014.12.23"]
[SourceVersion "1"]
[SourceVersionDate "2014.12.23"]
[SourceQuality "1"]

1. e4 c5 2. Nf3 Nc6 3. c3 e6 4. d4 d5 5. exd5 exd5 6. Bb5 c4 7. 0-0 Bd6 8. Re1+ Nge7 9. Bxc6+ bxc6 10. Bg5 0-0 11. b3 cxb3 12. axb3 f6 13. Bd2 Bg4 14. h3 Bh5 15. g4 Bf7 16. Na3 Qd7 17. Nc2 h5 18. Ne3 hxg4 19. hxg4 g5 20. Kg2 Bg6 21. Nh2 Kf7 22. Rh1 Rh8 23. Qe2 Be4+ 24. f3 Ng6 25. Nf5 Bxf5 26. gxf5 Nh4+ 27. Kf2 Nxf5 28. Rag1 Bxh2 0-1

[Event "Bundesliga 1415"]
[Site "Germany"]
[Date "2014.10.19"]
[Round "2.3"]
[White "Schmittdiel, Eckhard"]
[Black "Parligras, Mircea Emilian"]
[Result "0-1"]
[WhiteElo "2441"]
[BlackElo "2589"]
[PlyCount "60"]
[EventDate "2014.10.18"]
[EventType "team-tourn"]
[EventRounds "15"]
[EventCountry "GER"]
[SourceTitle "CBM 163"]
[Source "ChessBase"]
[SourceDate "2014.11.11"]
[SourceVersion "1"]
[SourceVersionDate "2014.11.11"]
[SourceQuality "1"]
[WhiteTeam "Dortmund Hansa"]
[BlackTeam "Trier"]
[WhiteTeamCountry "GER"]
[BlackTeamCountry "GER"]

1. c4 Nf6 2. Nf3 e6 3. g3 d5 4. Bg2 d4 5. e3 c5 6. 0-0 Nc6 7. exd4 cxd4 8. Re1 Bd6 9. d3 h6 10. Na3 0-0 11. Nc2 a5 12. Bd2 e5 13. a3 Bf5 14. Qe2 Re8 15. Qf1 a4 16. Bb4 e4 17. Nh4 Bh7 18. dxe4 Nxe4 19. Rad1 Qf6 20. Bxd6 Qxd6 21. g4 Nf6 22. Bxc6 Rxe1 23. Rxe1 bxc6 24. Nf5 Bxf5 25. gxf5 c5 26. Re2 Rb8 27. Ne1 Rb3 28. Qg2 Qa6 29. Rc2 d3 30. Rd2 Qxc4 0-1